<?xml version="1.0" encoding="UTF-8"?>
<record
    xmlns:xsi="http://www.w3.org/2001/XMLSchema-instance"
    xsi:schemaLocation="http://www.loc.gov/MARC21/slim http://www.loc.gov/standards/marcxml/schema/MARC21slim.xsd"
    xmlns="http://www.loc.gov/MARC21/slim">

  <leader>00530nam a22001937a 4500</leader>
  <controlfield tag="005">20240906012938.0</controlfield>
  <controlfield tag="008"> eng </controlfield>
  <datafield tag="020" ind1=" " ind2=" ">
    <subfield code="a">9781775612957</subfield>
    <subfield code="q">PAPERBACK</subfield>
  </datafield>
  <datafield tag="040" ind1=" " ind2=" ">
    <subfield code="a">RDA</subfield>
    <subfield code="c">3228</subfield>
  </datafield>
  <datafield tag="082" ind1=" " ind2=" ">
    <subfield code="2">FIRST EDITION</subfield>
    <subfield code="a">JF MOST</subfield>
  </datafield>
  <datafield tag="100" ind1=" " ind2=" ">
    <subfield code="a">Mostert, Tim</subfield>
    <subfield code="9">130481</subfield>
  </datafield>
  <datafield tag="245" ind1=" " ind2=" ">
    <subfield code="a">DIPROFINSE TSA RONA TSE ROBONG</subfield>
    <subfield code="c">MOSTERT,TIM</subfield>
    <subfield code="h">SESOTHO</subfield>
  </datafield>
  <datafield tag="250" ind1=" " ind2=" ">
    <subfield code="a">FIRST EDITION</subfield>
  </datafield>
  <datafield tag="260" ind1=" " ind2=" ">
    <subfield code="a">CENTURION</subfield>
    <subfield code="b">QUALIBOOKS</subfield>
    <subfield code="c">2018</subfield>
  </datafield>
  <datafield tag="300" ind1=" " ind2=" ">
    <subfield code="a">15 PAGES</subfield>
    <subfield code="c">21 cm</subfield>
  </datafield>
  <datafield tag="521" ind1=" " ind2=" ">
    <subfield code="a">JUNIOR FICTION</subfield>
  </datafield>
  <datafield tag="942" ind1=" " ind2=" ">
    <subfield code="x">Obi Chimezie</subfield>
    <subfield code="w">160</subfield>
    <subfield code="y"></subfield>
    <subfield code="z">CRON CRON</subfield>
  </datafield>
  <datafield tag="942" ind1=" " ind2=" ">
    <subfield code="2">ddc</subfield>
    <subfield code="c">BK</subfield>
  </datafield>
  <datafield tag="999" ind1=" " ind2=" ">
    <subfield code="c">666216</subfield>
    <subfield code="d">666215</subfield>
  </datafield>
  <datafield tag="952" ind1=" " ind2=" ">
    <subfield code="0">0</subfield>
    <subfield code="1">0</subfield>
    <subfield code="2">ddc</subfield>
    <subfield code="4">0</subfield>
    <subfield code="7">0</subfield>
    <subfield code="8">F</subfield>
    <subfield code="a">MBOMRL</subfield>
    <subfield code="b">MATSL</subfield>
    <subfield code="c">CHILD</subfield>
    <subfield code="d">2022-06-07</subfield>
    <subfield code="g">74.75</subfield>
    <subfield code="l">0</subfield>
    <subfield code="o">FIRST EDITION JF MOST</subfield>
    <subfield code="p">33228031126136</subfield>
    <subfield code="r">2022-06-07</subfield>
    <subfield code="w">2022-06-07</subfield>
    <subfield code="y">BK</subfield>
  </datafield>
  <datafield tag="952" ind1=" " ind2=" ">
    <subfield code="0">0</subfield>
    <subfield code="1">0</subfield>
    <subfield code="2">ddc</subfield>
    <subfield code="4">0</subfield>
    <subfield code="7">0</subfield>
    <subfield code="8">F</subfield>
    <subfield code="a">LYDEL</subfield>
    <subfield code="b">SHATL</subfield>
    <subfield code="c">FIC</subfield>
    <subfield code="d">2024-05-08</subfield>
    <subfield code="l">0</subfield>
    <subfield code="o">SOT KF MOST</subfield>
    <subfield code="p">33228031031141</subfield>
    <subfield code="r">2024-05-08</subfield>
    <subfield code="w">2024-05-08</subfield>
    <subfield code="y">BK</subfield>
  </datafield>
  <datafield tag="952" ind1=" " ind2=" ">
    <subfield code="0">0</subfield>
    <subfield code="1">0</subfield>
    <subfield code="2">ddc</subfield>
    <subfield code="4">0</subfield>
    <subfield code="7">0</subfield>
    <subfield code="8">F</subfield>
    <subfield code="a">THANPL</subfield>
    <subfield code="b">THANPL</subfield>
    <subfield code="c">CHILD</subfield>
    <subfield code="d">2025-03-17</subfield>
    <subfield code="g">85.00</subfield>
    <subfield code="l">0</subfield>
    <subfield code="o"> EKF MOST</subfield>
    <subfield code="p">3322803174622</subfield>
    <subfield code="r">2025-03-17</subfield>
    <subfield code="w">2025-03-17</subfield>
    <subfield code="y">BK</subfield>
  </datafield>
  <datafield tag="952" ind1=" " ind2=" ">
    <subfield code="0">0</subfield>
    <subfield code="1">0</subfield>
    <subfield code="2">ddc</subfield>
    <subfield code="4">0</subfield>
    <subfield code="7">0</subfield>
    <subfield code="8">F</subfield>
    <subfield code="a">THANPL</subfield>
    <subfield code="b">THANPL</subfield>
    <subfield code="c">CHILD</subfield>
    <subfield code="d">2025-03-17</subfield>
    <subfield code="g">85.00</subfield>
    <subfield code="l">0</subfield>
    <subfield code="o"> EKF MOST</subfield>
    <subfield code="p">3322803174623</subfield>
    <subfield code="r">2025-03-17</subfield>
    <subfield code="w">2025-03-17</subfield>
    <subfield code="y">BK</subfield>
  </datafield>
</record>
